书目信息 |
| 题名: |
2007年全国注册咨询工程师(投资)职业准入资格考试教习全书
|
|
| 作者: | 陈宪 主编 | |
| 分册: | 上册 | |
| 出版信息: | 北京 机械工业出版社 2005.1 |
|
| 页数: | XVI,537页 | |
| 开本: | 26cm | |
| 丛书名: | ||
| 单 册: | ||
| 中图分类: | F830.59-44 | |
| 科图分类: | F830.59 | |
| 主题词: | 投资--tou zi--咨询服务--考核--习题 , 投资--tou zi , 咨询服务--zi xun fu wu | |
| 电子资源: | ||
| ISBN: | 7-111-15921-7 | |
| 000 | 01149nam0 2200301 450 | |
| 000 | 01188nam0 2200301 450 | |
| 000 | 01151nam0 2200289 450 | |
| 000 | 01113nam0 2200277 450 | |
| 000 | 01076nam0 2200265 45 | |
| 001 | 0955030258 | |
| 005 | 20091021084851.78 | |
| 010 | @a7-111-15921-7@dCNY79.00 | |
| 100 | @a20050309d2005 em y0chiy0121 ea | |
| 101 | 0 | @achi |
| 102 | @aCN@b110000 | |
| 105 | @ak zq 000yy | |
| 200 | 1 | @a2007年全国注册咨询工程师(投资)职业准入资格考试教习全书@A2007 nian quan guo zhu ce zi xun gong cheng shi(tou zi)zhi ye zhun ru zi ge kao shi jiao xi quan shu@h上册@f陈宪主编 |
| 210 | @a北京@c机械工业出版社@d2005.1 | |
| 215 | @aXVI,537页@d26cm | |
| 330 | @a本书包括工程咨询概论、宏观经济政策与发展规划和工程项目组织与管理等三部分内容,每章按照“本章结构”、“大纲要求”、“本章难点”、“内容精解”、“专家点评”、“练习题”和“自测模拟试题”的结构进行编写。 | |
| 606 | 0 | @a投资@Atou zi@x咨询服务@x考核@j习题 |
| 606 | 0 | @a投资@Atou zi |
| 606 | 0 | @a咨询服务@Azi xun fu wu |
| 690 | @aF830.59-44@v4 | |
| 692 | @aF830.59 | |
| 701 | 0 | @a陈宪@Achen xian@4主编 |
| 801 | 0 | @aCN@c20091021 |
| 905 | @dF830.59@eC5953=3 | |
| 2007年全国注册咨询工程师(投资)职业准入资格考试教习全书.上册/陈宪主编.-北京:机械工业出版社,2005.1 |
| XVI,537页;26cm |
| ISBN 7-111-15921-7:CNY79.00 |
| 本书包括工程咨询概论、宏观经济政策与发展规划和工程项目组织与管理等三部分内容,每章按照“本章结构”、“大纲要求”、“本章难点”、“内容精解”、“专家点评”、“练习题”和“自测模拟试题”的结构进行编写。 |
| ● |
| 相关链接 |
|
|
|
正题名:2007年全国注册咨询工程师(投资)职业准入资
索取号:F830.59/C5953=3
 
预约/预借
| 序号 | 登录号 | 条形码 | 馆藏地/架位号 | 状态 | 备注 |
| 1 | 895526 | 208955264 | 社科二线422/409社科库 51排5列2层/ [索取号:F830.59/C5953=3] | 在馆 | |
| 2 | 895527 | 208955273 | 社科二线422/409社科库 51排5列2层/ [索取号:F830.59/C5953=3] | 在馆 |